| 000 | 01050cam a2200217 4500 | ||
|---|---|---|---|
| 001 | WB3608-05 | ||
| 008 | 000000n2000 000 0 eng u | ||
| 035 | _a(Sirsi) u104268 | ||
| 245 | _aCall centres create 35,000 jobs | ||
| 260 | _c2000 | ||
| 490 |
_aScotsman _v 21 February 2000, 19(1) |
||
| 520 | _aResearch by Deloitte and Touche reveals that 88 call centres were opened in 1999, up from 58 in 1998. More than 35,000 jobs were created in the UK and Ireland. Ireland was the most popular location securing 18% of new centres, followed by Scotland with 15%. Though Scotland topped the league table with 18% of jobs going north. Growth patterns look set to continue, with moblie phone network operators creating the most call centres, followed by the financial services industry. | ||
| 590 | _aWB | ||
| 650 | _aCALL CENTRES | ||
| 650 | _aGROWTH | ||
| 650 | _aDELOITTE AND TOUCHE | ||
| 650 | _aJOBS CREATION | ||
| 650 | _aLEAGUE TABLE | ||
| 690 | _aPROPERTY-COMMERCIAL PROPERTY-COMMERCIAL PROPERTY FINANCE AND INVESTMENT | ||
| 942 | _n0 | ||
| 999 |
_c62555 _d62555 |
||